Statistics for Alphabetically Rearranged U.S. President Names

Click here to take the quiz!

General Stats

  • This quiz has been taken 19 times
  • The average score is 23 of 39

Answer Stats

Rearranged President Name% Correct
Aabmo
93%
Mprtu
87%
Aaegnr
80%
Bhsu
80%
Deeknny
80%
Dfor
80%
Eeloorstv
80%
Aadms
73%
Amnrtu
73%
Cilnnot
73%
Hjnnoos
73%
Agnrt
67%
Cdegiloo
67%
Ehoorv
67%
Klop
67%
Acerrt
60%
Adimnos
60%
Aghinnostw
60%
Cillnno
60%
Eeehinorsw
60%
Eeffjnors
60%
Elrty
60%
Emnoor
60%
Ilnosw
60%
Abe Nnruv
53%
Adghinr
53%
Aehsy
53%
Aftt
53%
Ahinorrs
53%
Alorty
53%
Innox
53%
Acdeellnv
47%
Acjknos
47%
Ahrrtu
47%
Aabchnnu
40%
Ceeipr
40%
Efillmor
33%
Adefgilr
27%
CeKilmny
7%

Score Distribution

Percentile by Number Answered

Percent of People with Each Score

Your Score History

You have not taken this quiz